| 000 | 00735nam a22002057a 4500 | ||
|---|---|---|---|
| 005 | 20251108171917.0 | ||
| 008 | 250721s2001 xx 000 0 ara d | ||
| 082 | 1 | 4 | _aم/338.956/مرك |
| 100 | 1 | _aكنعان، طاهر حمدي | |
| 245 | 1 | 0 |
_aهموم إقتصادية عربية : _bالتنمية - التكامل - النفط - العولمة / |
| 264 | 1 |
_aبيروت : _bمركز دراسات الوحدة العربية، _c2001. |
|
| 300 | _a330ص | ||
| 650 | 1 | 7 | _aالتنمية |
| 650 | 1 | 7 | _aالبلدان العربية |
| 650 | 1 | 7 | _aالتكامل الإقتصادي |
| 650 | 1 | 7 | _aالعولمة |
| 710 | 2 | _aندوة هموم إقتصادية عربية بيروت 2001 | |
| 942 |
_2ddc _cREF |
||
| 999 |
_c65737 _d65737 |
||